000 00370nam a2200157Ia 4500
005 20250423095705.0
008 250422s9999 xx 000 0 und d
020 _a1932222162
050 _aPE 1128.M35/
100 _a Malarcher, Casey
245 0 _aIllustrated everyday idioms with stories
260 _bCompass
260 _c2003
300 _a192 p
942 _cBK
999 _c31038
_d31038